ՀՀ Գիտությունների ազգային ակադեմիայի հիմնարար գիտական գրադարան  =   Fundamental Scientific Library of NAS RA

Խորհրդանշանների հանրագիտարան : (Record no. 235350)

MARC details
000 -LEADER
fixed length control field 01185nam a2200265 u 4500
001 - CONTROL NUMBER
control field 000582407
003 - CONTROL NUMBER IDENTIFIER
control field AM-YeHGA
005 - DATE AND TIME OF LATEST TRANSACTION
control field 20250618073433.0
008 - FIXED-LENGTH DATA ELEMENTS--GENERAL INFORMATION
fixed length control field 080522s2007 ai | |||||||||||||arm|d
020 ## - INTERNATIONAL STANDARD BOOK NUMBER
International Standard Book Number 9789994182824
040 ## - CATALOGING SOURCE
Original cataloging agency AM-YeHGA
041 1# - LANGUAGE CODE
Language code of text/sound track or separate title arm
090 ## - LOCALLY ASSIGNED LC-TYPE CALL NUMBER (OCLC); LOCAL CALL NUMBER (RLIN)
-- 236914
100 1# - MAIN ENTRY--PERSONAL NAME
Personal name Մանասյան, Գագիկ
245 10 - TITLE STATEMENT
Title Խորհրդանշանների հանրագիտարան :
Remainder of title Երկրաչափական, կենդանիների, թռչունների, բույսերի, քարերի /
Statement of responsibility, etc. Գ. Մանասյան; Խմբ.՝ Հ. Փալանդուզյան; Թարգմ.՝ Ն. Մինասյան, Վ. Ալավերդյան.
246 11 - VARYING FORM OF TITLE
Title proper/short title Encyclopedia of symbols
260 ## - PUBLICATION, DISTRIBUTION, ETC.
Place of publication, distribution, etc. Երևան :
Name of publisher, distributor, etc. Նշանակ,
Date of publication, distribution, etc. 2007.
300 ## - PHYSICAL DESCRIPTION
Extent 343 էջ :
Other physical details 8 թ. ներդ. գուն. նկ., գծանկ., աղյս. ;
Dimensions 24 սմ.
500 ## - GENERAL NOTE
General note I և II հատորները մի կազմում
650 14 - SUBJECT ADDED ENTRY--TOPICAL TERM
Topical term or geographic name entry element Հանրագիտարան
9 (RLIN) 4617
653 1# - INDEX TERM--UNCONTROLLED
Uncontrolled term Խորհրդանշաններ
700 1# - ADDED ENTRY--PERSONAL NAME
Personal name Փալանդուզյան, Հրաչուհի,
Dates associated with a name 1951-
Relator term խմբ.
Relationship edt
700 1# - ADDED ENTRY--PERSONAL NAME
Personal name Մինասյան, Նազելի
Relator term թարգմ.
Relationship trl
700 1# - ADDED ENTRY--PERSONAL NAME
Personal name Ալավերդյան, Վալյա
Relator term թարգմ.
Relationship trl
Holdings
Withdrawn status Lost status Damaged status Not for loan Collection Home library Current library Date acquired Cost, normal purchase price Shelving control number Total checkouts Full call number Barcode Date last seen Price effective from Koha item type Public note
        General Fundamental Scientific Library Fundamental Scientific Library 28/12/2016 5000.00     AII/96276 FL0178949 28/12/2016 28/12/2016 Գրքեր / Books 30 Days Loan


ՀՀ ԳԱԱ հիմնարար գիտական գրադարան
ՀՀ,Երևան 0019
Մարշալ Բաղրամյան 24/6
հեռախոս:(374-10) 52-47-50
Հետադարձ կապ

All site content, except where otherwise noted, is licensed under a
Creative Commons License